Population Growth and Policies in Mega-Cities BANGKOK (Record no. 542878)
[ view plain ]
| 000 -LEADER | |
|---|---|
| fixed length control field | 00405nam a22001217a 4500 |
| 082 ## - DEWEY DECIMAL CLASSIFICATION NUMBER | |
| Classification number | 363.9095493 |
| Author Mark | POP |
| -- | D |
| 100 ## - MAIN ENTRY--PERSONAL NAME | |
| Personal name | United Nations |
| 9 (RLIN) | 20028 |
| 245 ## - TITLE STATEMENT | |
| Title | Population Growth and Policies in Mega-Cities BANGKOK |
| 260 ## - PUBLICATION, DISTRIBUTION, ETC. | |
| Place of publication, distribution, etc. | United Nations, New York |
| Name of publisher, distributor, etc. | Department of International Economic and Social Affairs |
| Date of publication, distribution, etc. | 1987 |
| 300 ## - PHYSICAL DESCRIPTION | |
| Extent | vii, 47p.: |
| 526 ## - STUDY PROGRAM INFORMATION NOTE | |
| Program name | 0 |
| Interest level | 0 |
| Reading level | 0 |
| Title point value | 363_909549300000000_POP |
| 942 ## - ADDED ENTRY ELEMENTS (KOHA) | |
| Source of classification or shelving scheme | |
| Koha item type | Book |
| Withdrawn status | Lost status | Source of classification or shelving scheme | Damaged status | Not for loan | Permanent Location | Current Location | Date acquired | Total Checkouts | Full call number | Barcode | Date last seen | Price effective from | Koha item type |
|---|---|---|---|---|---|---|---|---|---|---|---|---|---|
| Military College of Engineering (MCE) | Military College of Engineering (MCE) | 02/24/2014 | 363.9095493 POP | MCE-43326 | 02/24/2014 | 02/24/2014 | Book |
